000 00661nam a2200277Ia 4500
005 20260324134348.0
008 008 260324s9999 xx 000 0 eng d
020 _a9780429208010
037 _aEBOOK
040 _aCRL
040 _beng
040 _cCRL
041 _2eng
041 _aeng
084 _qCRL
100 _aPrabhakar Misra; Mark A. Dubinskii
_91196532
245 0 _aUltraviolet Spectroscopy And Uv Lasers
260 _bTaylor and Francis
260 _c2002
365 _a
365 _b680
856 _uhttp://www.taylorfrancis.com/books/9780429208010
942 _cEBOOK
999 _c1796555
_d1796555